Zero waste economy : (Record no. 6738)

MARC details
000 -LEADER
fixed length control field 02248cam a2200493 i 4500
001 - CONTROL NUMBER
control field 19430564
003 - CONTROL NUMBER IDENTIFIER
control field GBCCL
005 - DATE AND TIME OF LATEST TRANSACTION
control field 20241126110610.0
008 - FIXED-LENGTH DATA ELEMENTS--GENERAL INFORMATION
fixed length control field 161006s2016 ii ab b 000 0 eng d
010 ## -
-- 2016362585
020 ## - INTERNATIONAL STANDARD BOOK NUMBER
International Standard Book Number 9789351481454 (HB)
020 ## - INTERNATIONAL STANDARD BOOK NUMBER
International Standard Book Number 9789351481461 (PB)
020 ## - INTERNATIONAL STANDARD BOOK NUMBER
International Standard Book Number 935148145X
025 ## - OVERSEAS ACQUISITION NUMBER
Overseas acquisition number I-E-2016362585 ; 49-24
035 ## - SYSTEM CONTROL NUMBER
System control number (OCoLC)ocn959968100
035 ## - SYSTEM CONTROL NUMBER
System control number (OCoLC)959968100
037 ## - SOURCE OF ACQUISITION
Source of stock number/acquisition Library of Congress -- New Delhi Overseas Office
040 ## - CATALOGING SOURCE
Original cataloging agency IDK
Description conventions rda
Transcribing agency IDK
Modifying agency OCLCF
-- DKAGE
-- DLC
042 ## -
-- lccopycat
-- lcode
-- pcc
043 ## -
-- a-ii---
050 00 -
-- TD789.I42
-- T757 2016
082 04 - DEWEY DECIMAL CLASSIFICATION NUMBER
Classification number 363.728095483
Edition information 23
Item number SHI
100 1# - MAIN ENTRY--PERSONAL NAME
Personal name Shibu Mayam, R.,
Dates associated with a name 1981-
Relator term author.
9 (RLIN) 12065
245 10 - TITLE STATEMENT
Title Zero waste economy :
Remainder of title theological insights for urban sustainable waste management /
Statement of responsibility, etc. R. Shibu Mayam.
250 ## - EDITION STATEMENT
Edition statement First edition.
264 #1 - PRODUCTION, PUBLICATION, DISTRIBUTION, MANUFACTURE, AND COPYRIGHT NOTICE
Place of production, publication, distribution, manufacture New Delhi :
Name of producer, publisher, distributor, manufacturer Christian World Imprints,
Date of production, publication, distribution, manufacture, or copyright notice 2016.
300 ## - PHYSICAL DESCRIPTION
Extent xviii, 160 pages :
Other physical details illustrations, map ;
Dimensions 23 cm
336 ## - CONTENT TYPE
Content type term text
Content type code txt
Source rdacontent
337 ## - MEDIA TYPE
Media type term unmediated
Media type code n
Source rdamedia
338 ## - CARRIER TYPE
Carrier type term volume
Carrier type code nc
Source rdacarrier
490 1# - SERIES STATEMENT
Series statement Christian heritage rediscovered ;
Volume/sequential designation 42
500 ## - GENERAL NOTE
General note Originally presented as author's theses (Master of Theology)--Senate of Serampore College.
504 ## - BIBLIOGRAPHY, ETC. NOTE
Bibliography, etc. note Includes bibliographical references (pages 131-148).
505 0# - FORMATTED CONTENTS NOTE
Formatted contents note History of waste disposal in Trivandrum and conflict with Vilappilsala Janakeeya Samithy -- Nature of resistance against the system of waste disposal -- Impact of the solid waste treatment plant in Valappilsala -- Addressing solid waste accumulation and alternatives -- Theological reflection on waste management.
610 20 - SUBJECT ADDED ENTRY--CORPORATE NAME
Corporate name or jurisdiction name as entry element Vilappilsala Janakeeya Samithy (Firm)
9 (RLIN) 12066
650 #0 - SUBJECT ADDED ENTRY--TOPICAL TERM
Topical term or geographic name entry element Refuse and refuse disposal
Geographic subdivision India
-- Trivandrum (District)
9 (RLIN) 12067
650 #0 - SUBJECT ADDED ENTRY--TOPICAL TERM
Topical term or geographic name entry element Refuse and refuse disposal
General subdivision Environmental aspects
Geographic subdivision India
-- Trivandrum (District)
9 (RLIN) 12068
650 #0 - SUBJECT ADDED ENTRY--TOPICAL TERM
Topical term or geographic name entry element Refuse and refuse disposal
General subdivision Religious aspects.
9 (RLIN) 12069
650 #0 - SUBJECT ADDED ENTRY--TOPICAL TERM
Topical term or geographic name entry element Recycling (Waste, etc.)
9 (RLIN) 12070
830 #0 -
-- Christian heritage rediscovered ;
-- 42.
-- 12071
906 ## - LOCAL DATA ELEMENT F, LDF (RLIN)
a 7
b cbc
c copycat
d 3
e ncip
f 20
g y-gencatlg
942 ## - ADDED ENTRY ELEMENTS (KOHA)
Source of classification or shelving scheme Dewey Decimal Classification
Koha item type Books
Koha issues (borrowed), all copies 4
Holdings
Withdrawn status Lost status Source of classification or shelving scheme Damaged status Not for loan Home library Current Library Shelving location Date acquired Source of acquisition Cost, normal purchase price Total checkouts Full call number Barcode Date last seen Date last checked out Copy number Cost, replacement price Price effective from Koha item type
    Dewey Decimal Classification     GRACE BIBLE COLLEGE GRACE BIBLE COLLEGE General Studies 2018-06-06 7 540.00 2 363.728095483 SHI 014720 2025-05-01 2023-03-06 c.1 600.00 2018-06-06 Books
    Dewey Decimal Classification     GRACE BIBLE COLLEGE GRACE BIBLE COLLEGE General Studies 2018-06-06 7 540.00 2 363.728095483 SHI 014721 2025-05-01 2023-02-13 c.2 600.00 2018-06-06 Books
© Grace Bible College Library 2025